Conservation of biodiversity and the new regional planning / (Registro nro. 1173)

Detalles MARC
000 -CABECERA
Campo de control 01043cam a2200241 a 4500
005 - FECHA Y HORA DE LA ULTIMA TRANSACCION
Campo de control 20170406020002.0
008 - ELEMENTOS DE LONGITUD FIJA—INFORMACION GENERAL
Campo de control 960626s1995 dcua b i000 0 eng d
020 ## - ISBN
ISBN 0827035926
040 ## - FUENTE DE CATALOGACIÓN
Agencia catalogadora original NNM
Agencia transcriptora NNM
Agencia Modificadora DLC
041 ## - IDIOMA
Código de idioma para texto/pista de sonido o título separado Inglés
042 ## - AUTHENTICATION CODE
Authentication code lccopycat
044 ## - PAÍS DE PUBLICACIÓN
País de publicación Estados Unidos
082 04 - NUMERO DE CLASIFICACION DECIMAL DEWEY
Número de clasificación 333.9516
Número del ítem C75c2
245 00 - MENCION DE TITULO
Título Conservation of biodiversity and the new regional planning /
Mención de responsabilidad edited by Richard E. Saunier and Richard A. Meganck.
260 ## - PUBLICACION, DISTRIBUCION, ETC. (PIE DE IMPRENTA)
Lugar de publicación, distribución, etc. [Washington, D.C.] :
Nombre del editor, distribuidor, etc. Dept. of Regional Development and Environment, Executive Secretariat for Economic and Social Affairs, General Secretariat, Organization of American States,
Fecha de publicación, distribución, etc. 1995.
300 ## - DESCRIPCION FISICA
Extensión viii, 150 p. :
Otros detalles físicos ill. ;
Dimensiones 23 cm.
650 14 - ASIENTO SECUNDARIO DE MATERIA - TERMINO TEMATICO
Término temático o nombre geográfico como elemento de entrada Diversidad biológica
Subdivisión general Conservación
9 (RLIN) 52270
650 #0 - ASIENTO SECUNDARIO DE MATERIA - TERMINO TEMATICO
Término temático o nombre geográfico como elemento de entrada Regional planning
Subdivisión general Environmental aspects.
9 (RLIN) 52271
700 1# - ASIENTO SECUNDARIO - NOMBRE PERSONAL
Nombre personal Saunier, Richard E.,
Término de relación editor.
9 (RLIN) 11139
700 1# - ASIENTO SECUNDARIO - NOMBRE PERSONAL
Nombre personal Meganck, Richard Albert,
Término de relación editor.
9 (RLIN) 50337
710 2# - ASIENTO SECUNDARIO - NOMBRE CORPORATIVO
Nombre corporativo o de jurisdicción como elemento de entrada Organization of American States.
Unidad subordinada Department of Regional Development and Environment.
9 (RLIN) 52272
942 ## - ELEMENTOS ADICIONALES (KOHA)
Sistema de clasificación Dewey Decimal Classification
Tipo de ítem Libro
Koha issues (borrowed), all copies 1
Existencias
Withdrawn status Lost status Sistema de Clasificación Damaged status No para préstamo Colección Inventariado Ubicación Permanente Ubicación actual Fecha de adquisición Fuente de Valor Valor Total Checkouts Total Renewals Número topográfico Inventario / Código de Barras Date last seen Date checked out Ejemplar Price effective from Forma de adquisición Tipo de material
    Dewey Decimal Classification     General Inventariado 2017 Bogotá Bogotá 18/04/1999 Instituto 39000.00 1 1 LB-333.9516 C75c2 001598 17/05/2017 05/04/2017 Ej. 1 04/12/2012   Libro
    Dewey Decimal Classification     General Inventariado 2017 Sala Fabio Quevedo Sala Fabio Quevedo 28/09/2001 Instituto 39000.00     LB-333.9516 C75c2 004819 04/12/2012   Ej. 2 04/12/2012   Libro